000 00636 a2200181 4500
005 20160223102539.0
008 160222b xxu||||| |||| 00| 0 eng d
020 _a9781259098758
080 _a(079.1):35
_bSHA"2016"
100 _aSharma, Arun
_914790
245 _aGeneral Studies
_bPaper II for civil services prelimimary examination 2016
_cArun Sharma, Madhukar Kumar Bhagat and Abhijith Guha
260 _c2016
_bMcGraw Hill Education Pvt.Ltd.
_aNew Delhi
300 _axxvi, various pagination
653 _aCompetitive examination guide - Civil services
700 _aKumar,Madhukar
700 _aGuha,Abhijit
942 _cREF
999 _c83356
_d83355